| 000 | 00558nam a2200205Ia 4500 | ||
|---|---|---|---|
| 003 | GCL | ||
| 008 | 140319s9999 xx 000 0 eng d | ||
| 020 | _a0721679951 | ||
| 040 |
_aGCL / _cGCL |
||
| 082 | 0 | 4 |
_aREF _b616 _bG T |
| 100 | 1 | _aGOLDMAN, LEE | |
| 245 | 1 | 0 |
_aCECIL TEXT BOOK OF MEDICINE / _cGOLDMAN, LEE |
| 700 | 1 | _aBENNETT, CLAUDE J. | |
| 250 | _a21TH | ||
| 260 |
_aنيويورك : _bW.B. SAUNDERS COMPANY ، _c2000 |
||
| 300 |
_aXXIX, 2308 P _bILL. ؛ _c30 cm. |
||
| 650 | 0 | 4 | _aREFERENCE BOOKS |
| 650 | 0 | 4 | _aINTERNAL MEDICINE |
| 942 |
_2ddc _cREF |
||
| 999 |
_c3142 _d3142 |
||